00431nam a2200133 450000100060000010000400000610100080004610200070005420001320006121000560019321500230024967500130027280100120028546073 a20260430 pory50  apor aPT aA Cerà‚mica Cardial da Gruta do EscouraldIn separata das Actas do II Congresso Nacional de ArqueologiafM. Farinha dos santos aCoimbracII Congresso Nacional de Arqueologiad1971 ap. 93-94, [1]cil. a738(469) aPTgRPC